| 000 | 00971nam a2200265 i 4500 | ||
|---|---|---|---|
| 001 | 115399 | ||
| 003 | ES-MaACL | ||
| 005 | 20251209124138.0 | ||
| 007 | t| | ||
| 008 | 070308s1928 sp ||||1| spa d | ||
| 080 | _a821.134.2(85)-293.21"19" | ||
| 100 | 1 |
_aHernández Catá, Alfonso, _d1885-1940 _962908 |
|
| 245 | 1 | 0 |
_aMartierra : _bzarzuela en tres actos / _cA. Hernández Catá ; música de Jacinto Guerrero. |
| 260 |
_aMadrid : _bPrensa Moderna, _c1928. |
||
| 300 |
_a60 p. ; _c17 cm. |
||
| 490 | 1 |
_aEl teatro moderno ; _v163 |
|
| 530 | _aDisponible en formato digital. | ||
| 594 | _aEstrenose en el Teatro de la Zarzuela, de Madrid, el 28 de septiembre de 1928. | ||
| 700 | 1 |
_aGuerrero, Jacinto. _960551 |
|
| 830 | 1 | 3 |
_aEl teatro moderno (Prensa Moderna) _v163 _9182365 |
| 852 | 4 |
_aES-MaACL _jC-13058 _cSPAL |
|
| 856 | 4 |
_uhttps://archive.org/details/martierrazarzuel25916guer/page/n3/mode/2up _y(Internet Archive) |
|
| 942 | _2udc | ||
| 999 |
_c115399 _d115399 |
||